LEADER 01370nam a22003495i 4500 001 991002243509707536 007 cr nn 008mamaa 008 121227s1987 gw | s |||| 0|eng d 020 $a9783540478546 035 $ab14143513-39ule_inst 040 $aBibl. Dip.le Aggr. Matematica e Fisica - Sez. Matematica$beng 082 04$a516.36$223 084 $aAMS 17B65 084 $aAMS 17B80 084 $aAMS 58A10 084 $aAMS 58A50 245 00$aDifferential geometric methods in mathematical physics$h[e-book] :$bproceedings of the 14th international conference held in Salamanca, Spain, june 24-29, 1985 /$cedited by Pedro Luis Garcia, Antonio Perez-Rendon 260 $aBerlin :$bSpringer,$c1987 300 $a1 online resource (viii, 304 p.) 440 0$aLecture Notes in Mathematics,$x0075-8434 ;$v1251 650 0$aMathematics 650 0$aGlobal differential geometry 650 0$aMathematical physics 700 1 $aGarcia, Pedro Luis 700 1 $aPerez-Rendon, Antonio 773 0 $aSpringer eBooks 856 40$uhttp://dx.doi.org/10.1007/BFb0077312$zAn electronic book accessible through the World Wide Web 907 $a.b14143513$b03-03-22$c05-09-13 912 $a991002243509707536 996 $aDifferential geometric methods in mathematical physics$979892 997 $aUNISALENTO 998 $ale013$b05-09-13$cm$d@ $e-$feng$ggw $h0$i0 LEADER 01150nam a2200265 i 4500 001 991001678499707536 005 20020507150444.0 008 000517s1970 it ||| | ita 035 $ab11548204-39ule_inst 035 $aLE02723073$9ExL 040 $aDip.to Studi Giuridici$bita 082 0 $a333.3 084 $aAM-XI/A 100 1 $aRoccella, Davide$033519 245 12$aL'acquisizione di aree fabbricabili :$bLeggi :$b18 aprile 1962, n. 167; 21 luglio 1965, n. 904; 5 luglio 1966, n. 517; 6 agosto 1967, n. 765; 20 marzo 1968, n. 391; 19 novembre 1968, n. 1187 /$cpresentazione alla 1. edizione del prof. Enzo Silvestri 250 $aRist. inalterata della 3. ed. corretta e con una nuova appendice 260 $aMilano :$bA. Giuffrè,$c1970 300 $a570 p. ;$c22 cm. 650 4$aAree fabbricabili$xLegislazione 907 $a.b11548204$b02-04-14$c02-07-02 912 $a991001678499707536 945 $aLE027 AM-XI/A 25$g1$iLE027I-797$lle027$o-$pE0.00$q-$rl$s- $t0$u0$v0$w0$x0$y.i11747602$z02-07-02 996 $aAcquisizione di aree fabbricabili$9656232 997 $aUNISALENTO 998 $ale027$b01-01-00$cm$da $e-$fita$git $h2$i1 LEADER 03155nam 2200697 a 450 001 9910783234303321 005 20230207223630.0 010 $a1-4462-2817-7 010 $a1-280-36945-0 010 $a9786610369454 010 $a1-4129-3181-9 035 $a(CKB)1000000000031084 035 $a(EBL)254668 035 $a(OCoLC)191036525 035 $a(SSID)ssj0000154553 035 $a(PQKBManifestationID)11148902 035 $a(PQKBTitleCode)TC0000154553 035 $a(PQKBWorkID)10417464 035 $a(PQKB)10921271 035 $a(MiAaPQ)EBC254668 035 $a(Au-PeEL)EBL254668 035 $a(CaPaEBR)ebr10076718 035 $a(CaONFJC)MIL36945 035 $a(OCoLC)70773907 035 $a(OCoLC)1058041381 035 $a(FINmELB)ELB130894 035 $a(EXLCZ)991000000000031084 100 $a20001124d2000 uy 0 101 0 $aeng 135 $aur|n|---||||| 181 $ctxt 182 $cc 183 $acr 200 10$aFieldwork, participation and practice$b[electronic resource] $eethics and dilemmas in qualitative research /$fMarlene de Laine 210 $aLondon ; Thousand Oaks, Calif. $cSAGE$d2000 210 1$aLondon ; Thousand Oaks, Calif. :$cSAGE,$d2000. 215 $a1 online resource (241 p.) 300 $aDescription based upon print version of record. 311 $a0-7619-5487-2 311 $a0-7619-5486-4 320 $aIncludes bibliographical references (p. [216]-225) and index. 327 $aMachine generated contents note: 1 -- Introduction -- 2 -- The moral career of the qualitative fieldworker -- 3 -- Scripts and staging the self -- 4 -- Back regions and sensitive methods -- 5 -- Roles and role performance -- 6 -- Ethical dilemmas: the demands and expectations -- of various audiences -- 7 -- Field notes: ethics and the emotional self -- 8 -- Textual 'impression management' of self and others -- 9 -- Conclusion -- References -- Index. 330 $aThis timely and topical look at the role of ethics in fieldwork takes into account some of the major issues confronting qualitative researchers. The main purposes of this book are twofold: to promote an understanding of the harmful possibilities of fieldwork; and to provide ways of dealing with ethical problems and dilemmas. To these ends, examples of actual fieldwork are provided that address ethical problems and dilemmas, and posit ways of dealing with them. 606 $aSocial sciences$xMethodology 606 $aSocial sciences$xFieldwork 606 $aQualitative research$xMoral and ethical aspects 606 $aSocial sciences$xMethodology$xMoral and ethical aspects 615 0$aSocial sciences$xMethodology. 615 0$aSocial sciences$xFieldwork. 615 0$aQualitative research$xMoral and ethical aspects. 615 0$aSocial sciences$xMethodology$xMoral and ethical aspects. 676 $a174.9301 676 $a300.72 700 $aLaine$b Marlene de$01566490 801 0$bMiAaPQ 801 1$bMiAaPQ 801 2$bMiAaPQ 906 $aBOOK 912 $a9910783234303321 996 $aFieldwork, participation and practice$93837042 997 $aUNINA